Loading...
| Fine Arts - Classical Music | 5 | 8.00 | 0% | 140% | 500% |
| Fine Arts - Other | 3 | 13.33 | 4,333% | 300% | 200% |
| Fine Arts - Painting & Sculpture | 3 | 6.67 | 1,200% | 0% | 300% |
| History - American | 5 | 8.00 | 1,700% | 140% | 140% |
| History - European | 3 | 16.67 | 5,400% | 600% | 300% |
| History - Other | 6 | 10.00 | 1,950% | 267% | 300% |
| History - World | 7 | 10.00 | 4,171% | 100% | 243% |
| Literature - American | 4 | 12.50 | 2,925% | 450% | 225% |
| Literature - British | 4 | 10.00 | 2,025% | 450% | 225% |
| Literature - European | 5 | 10.00 | 1,620% | 520% | 180% |
| Literature - World | 8 | 12.50 | 3,275% | 313% | 313% |
| Mythology | 3 | 10.00 | 2,700% | 0% | 533% |
| Other | 1 | 20.00 | 8,100% | 900% | 0% |
| Philosophy | 2 | 10.00 | 0% | 0% | 900% |
| Religion | 4 | 12.50 | 2,825% | 425% | 175% |
| Science - Biology | 4 | 15.00 | 3,725% | 150% | 425% |
| Science - Chemistry | 3 | 10.00 | 0% | 300% | 500% |
| Science - Other | 3 | 10.00 | 0% | 0% | 900% |
| Science - Physics | 3 | 13.33 | 1,633% | 200% | 500% |
| Social Science | 5 | 14.00 | 5,580% | 360% | 180% |